000 01949cam a2200373 a 4500
999 _c478537
_d478537
001 3575937
003 NUST
005 20180601074448.0
008 990422s1999 njua 100 0 eng
010 _a 99027206
020 _a9810237855 (alk. paper)
038 _aSNS Library
040 _aDLC
_cDLC
_dDLC
050 0 0 _aQC794.6.S85
_bT75 1998
082 0 0 _a530.14
_221
100 _aEdit: M. Duff B. Greene
_910786
111 2 _aTrieste Spring School
_d(1998 :
_cTrieste, Italy)
_910787
245 1 0 _aNonperturbative aspects of strings, branes, and supersymmetry :
_bproceedings of the Spring School on nonperturbative aspects of string theory and supersymmetric gauge theories, ICTP, Trieste, Italy, 23-31 March, 1998 : proceedings of the Trieste Conference on Super-Five-Branes and Physics in 5 + 1 Dimensions, ICTP, Trieste, Italy, 1-3 April, 1998 /
_ceditors, M. Duff ... [et al.].
260 _aRiver Edge, N.J. :
_bWorld Scientific,
_cc1999.
300 _axi, 454 p. :
_bill. ;
_c22 cm.
500 _a"1998 Trieste Spring School"--Pref.
500 _aAt head of title: The Abdus Salam International Centre for Theoretical Physics; United Nations Educational, Scientific and Cultural Organization; International Atomic Energy Agency.
650 0 _aString models
_vCongresses.
_910788
650 0 _aSupersymmetry
_vCongresses.
_910789
650 0 _aBranes
_vCongresses.
_910790
700 1 _aDuff, M. J.
_910791
710 2 _aAbdus Salam International Centre for Theoretical Physics.
_96606
710 2 _aUnesco.
_910792
710 2 _aInternational Atomic Energy Agency.
_910793
711 2 _aTrieste Conference on Super-Five-Branes and Physics in 5 + 1 Dimensions
_d(1998 :
_cTrieste, Italy)
_910794
906 _a7
_bcbc
_corignew
_d1
_eocip
_f19
_gy-gencatlg
942 _2ddc
_cBK